000 00549nam a2200205Ia 4500
003 GCL
008 140319s9999 xx 000 0 ara d
040 _aGCL /
_cGCL
082 0 4 _a810.9
_bط ت
100 1 _aاحمد امين
245 1 0 _aالتوجيه الادبى /
_cاحمد امين
700 1 _aطه حسين
700 1 _aمحمد عوض محمد
700 1 _aعبدالوهاب عزام
300 _a235 ص
490 _a100 قصة
_v0
650 0 4 _aالادب العربى
650 0 4 _aتاريخ ونقد
942 _2ddc
_cBK
999 _c45813
_d45813